Top 100 NFL Players of 2021 (CBS Sports) - Statistics

General Stats
  • This quiz has been taken 431 times
  • The average score is 72 of 100
Answer Stats
# Team Pos. Player % Correct
1 KC QB Patrick Mahomes
99%
3 GB QB Aaron Rodgers
98%
4 TB QB Tom Brady
98%
10 BUF QB Josh Allen
97%
5 KC TE Travis Kelce
97%
11 TEN RB Derrick Henry
96%
8 SEA QB Russell Wilson
96%
12 BUF WR Stefon Diggs
96%
13 KC WR Tyreek Hill
96%
2 LAR DE Aaron Donald
95%
7 GB WR Davante Adams
94%
6 PIT OLB T.J. Watt
93%
76 LAC WR Keenan Allen
92%
19 MIN RB Dalvin Cook
91%
22 SF TE George Kittle
91%
66 ARI DE J.J. Watt
91%
28 TEN WR Julio Jones
91%
9 CLE DE Myles Garrett
91%
30 KC DE Chris Jones
90%
29 BAL QB Lamar Jackson
90%
15 LAR CB Jalen Ramsey
90%
92 SEA SS Jamal Adams
90%
17 SF DE Nick Bosa
90%
84 GB RB Aaron Jones
89%
21 CAR RB Christian McCaffrey
89%
23 HOU QB Deshaun Watson
89%
54 ARI DE Chandler Jones
89%
25 LAC DE Joey Bosa
89%
50 DAL QB Dak Prescott
88%
38* LAC QB Justin Herbert
88%
73 JAX MLB Myles Jack
87%
39 SEA WR DK Metcalf
86%
37 NO RB Alvin Kamara
85%
45* MIN WR Justin Jefferson
85%
36 ARI WR DeAndre Hopkins
84%
57 DAL RB Ezekiel Elliott
82%
62 TB WR Mike Evans
82%
14 GB CB Jaire Alexander
82%
94 ARI QB Kyler Murray
81%
95* CIN QB Joe Burrow
81%
20 CHI OLB Khalil Mack
81%
63 CLE RB Nick Chubb
80%
88 LAR QB Matthew Stafford
80%
16 SF OT Trent Williams
80%
43 NYG DE Leonard Williams
79%
83 ATL QB Matt Ryan
79%
98 SEA WR Tyler Lockett
79%
72 TEN WR A.J. Brown
78%
41 SEA MLB Bobby Wagner
78%
99 LAR DB Darious Williams
78%
35 LV TE Darren Waller
78%
55 NO WR Michael Thomas
78%
93 MIN QB Kirk Cousins
78%
52 GB OLB Za'Darius Smith
77%
77 MIN FS Harrison Smith
77%
97 MIN WR Adam Thielen
76%
87 NYG RB Saquon Barkley
76%
59 TB WR Chris Godwin
75%
40* WAS DE Chase Young
73%
33 TB LB Devin White
73%
51 ARI SS Budda Baker
72%
18 DAL OG Zack Martin
72%
78 BUF CB Tre'Davious White
72%
31 SF MLB Fred Warner
71%
26 IND OG Quenton Nelson
71%
32 NO DE Cameron Jordan
70%
81 CLE WR Odell Beckham
68%
34 KC FS Tyrann Mathieu
67%
24 MIA CB Xavien Howard
67%
89 CAR WR D.J. Moore
66%
60 PIT FS Minkah Fitzpatrick
66%
71 NE CB Stephon Gilmore
65%
67 ATL WR Calvin Ridley
63%
46 CHI WR Allen Robinson
61%
44 TB OLB Lavonte David
61%
48 BAL CB Marlon Humphrey
61%
49 IND DT DeForest Buckner
57%
42 DAL DE DeMarcus Lawrence
57%
65 PIT DE
Cameron Heyward
56%
27 GB OT David Bakhtiari
56%
90 LAC FS Derwin James
55%
61 NO OLB Demario Davis
54%
58 CIN FS Jessie Bates
54%
79 DEN FS Justin Simmons
53%
53 IND OLB Darius Leonard
51%
82* TB OT Tristan Wirfs
48%
64 LAR OT Andrew Whitworth
47%
75 MIN DE Danielle Hunter
47%
47 ATL DT Grady Jarrett
45%
56 TB LB Shaquil Barrett
42%
70 BAL OT Ronnie Stanley
34%
80 NO OT Terron Armstead
32%
68 LAC C Corey Linsley
31%
69 WAS OG Brandon Scherff
30%
86 CLE OG Joel Bitonio
28%
85 DET OG Frank Ragnow
26%
96 CLE OG Wyatt Teller
26%
74 DEN OT Garett Bolles
22%
100* KC S L'Jarius Sneed
14%
91 GB C Elgton Jenkins
13%
No matching quizzes found
Score Distribution
Percent of People with Each Score
Percentile by Number Answered
Your Score History
You have not taken this quiz